000
00318nam a22001457a 4500
008
230717b ||||| |||| 00| 0 eng d
020
_a
9781935782056
041
_a
eng
080
_a
51
082
_a
51DEN
100
_a
23
101
_a
MATM
245
_a
VIEWING LIFE MATHEMATICALLY
_c
DENLEY H
942
_2
udc
_c
BK
999
_c
60142
_d
60142